<?xml version="1.0" encoding="UTF-8"?>
<collection xmlns="http://www.loc.gov/MARC21/slim">
 <record>
  <leader>00527pamaa2200157   4500</leader>
  <controlfield tag="001">0000019160</controlfield>
  <controlfield tag="005">20190725090000.0</controlfield>
  <datafield tag="020" ind1="0" ind2="0">
   <subfield code="a">9789837407787 </subfield>
  </datafield>
  <datafield tag="082" ind1=" " ind2=" ">
   <subfield code="a">499.28 ABD</subfield>
  </datafield>
  <datafield tag="090" ind1="0" ind2="0">
   <subfield code="a">HM258 </subfield>
   <subfield code="b">ABD 1997</subfield>
  </datafield>
  <datafield tag="100" ind1="1" ind2="0">
   <subfield code="a">Ab. Rahman Ab. Rashid </subfield>
  </datafield>
  <datafield tag="245" ind1="1" ind2="0">
   <subfield code="a">Bahasa Melayu komunikasi 1 : </subfield>
   <subfield code="b">penguasan dan penggunaan Bahasa Melayu dan bahasa Melayu merentas kurikulum  </subfield>
   <subfield code="c">Abdul Rahman Abdul Rashid and Yap Kim Fatt.</subfield>
  </datafield>
  <datafield tag="260" ind1="0" ind2="0">
   <subfield code="a">Petaling Jaya: </subfield>
   <subfield code="b">Longman, </subfield>
   <subfield code="c">1997.</subfield>
  </datafield>
  <datafield tag="300" ind1=" " ind2=" ">
   <subfield code="a">iv, 204 p.: </subfield>
   <subfield code="b">24 cm.</subfield>
  </datafield>
  <datafield tag="650" ind1="0" ind2="0">
   <subfield code="a">Malay language </subfield>
  </datafield>
  <datafield tag="700" ind1="1" ind2="1">
   <subfield code="a">Yap Kim Fatt </subfield>
  </datafield>
 </record>
</collection>
